LEADER 01061nam0 2200289 450 001 000018441 005 20081030094700.0 010 $a88-08-09748-X 100 $a20081030d1998----km-y0itay50------ba 101 1 $aita$cfre 102 $aIT 105 $ay---e---001yy 200 1 $aDizionario di matematica elementare$fdi Stella Baruk$gedizione italiana a cura di Francesco Speranza e Lucia Grugnetti 210 $aBologna$cZanichelli$d1998 215 $aXX, 652 p.$cill.$d24 cm 300 $aTrad. di F. Speranza, L. Grugnetti, Silvano Gregori 500 10$aDictionnaire de mathématiques élémentaires$m$915479 610 1 $aMatematica$aDizionari 676 $a510.3$v20$9Matematica. Dizionari, enciclopedie, concordanze 700 1$aBaruk,$bStella$09877 702 1$aGrugnetti,$bLucia 702 1$aSperanza,$bFrancesco$f<1932-1998> 801 0$aIT$bUNIPARTHENOPE$c20081030$gRICA$2UNIMARC 912 $a000018441 951 $aM 510.3/1$bM s.i.$cDSA$d2008 996 $aDictionnaire de mathématiques élémentaires$915479 997 $aUNIPARTHENOPE LEADER 01270nam0 22003131i 450 001 UON00349399 005 20231205104334.928 100 $a20091207d1965 |0itac50 ba 101 $afre 102 $aCH 105 $a|||| 1|||| 200 1 $aˆLe ‰dossier d'"Alcools"$eédition annotée des préoriginales avec une introduction et des documents$fMichel Décaudin 205 $aNouvelle édition revue 210 $aGenève$aParis$cDroz ; Minard$d1965 215 $a242 p.$d25 cm. 410 1$1001UON00173046$12001 $a Publications Romanes et Françaises$1210 $aGenève$cLibrairie Droz.$v67 606 $aAPOLLINAIRE GUILLAUME$3UONC043161$2FI 620 $aFR$dParis$3UONL002984 620 $aCH$dGenève$3UONL003003 676 $a844$cLetteratura francese. Saggi$v21 700 1$aDÉCAUDIN$bMichel$3UONV115634$0388776 712 $aLibrairie Droz$3UONV246942$4650 712 $aMinard$3UONV251708$4650 801 $aIT$bSOL$c20240220$gRICA 899 $aSIBA - SISTEMA BIBLIOTECARIO DI ATENEO$2UONSI 912 $aUON00349399 950 $aSIBA - SISTEMA BIBLIOTECARIO DI ATENEO$dSI Francese VI B APO DEC $eSI SFR3222 5 996 $aDossier d'Alcools$9202932 997 $aUNIOR